000 01745nam a2200517 i 4500
001 54441
003 KOSZ 005
005 20200730110000.0
008 070612s2007 pl a |000 0 pol
015 _aUWD 2007/17341
020 _a8372448299
035 _a991034295189705066
035 _a(PL-WaBN)b19174081-48omnis_nlop
035 _ab19174081
035 _a(OCoLC)749533778
035 _a(PL)b0000001917408
035 _a(EXLNZ-48OMNIS_NETWORK)9910261969305606
040 _aWA N
_cWA N
_dKOSZ 005/HR
046 _k2007
080 _a316.344-057.875(438)"2001/..."
080 _a316.728(438)"2001/..."
080 _a330.567.22(438)"2001/..."
080 _a641(438)"2001/..."
100 1 _aJeżewska-Zychowicz, Marzena
_eAutor
245 1 0 _aPostawy względem żywności i żywienia :
_bwybrane aspekty teoretyczne i metodyczne /
_cMarzena Jeżewska-Zychowicz, Magdalena Pilska.
260 _aWarszawa :
_bWydawnictwo SGGW,
_c2007.
300 _a103, [1] s. :
_bil. ;
_c24 cm.
336 _aTekst
_btxt
_2rdacontent
337 _aBez urządzenia pośredniczącego
_bn
_2rdamedia
338 _aWolumin
_bnc
_2rdacarrier
380 _aKsiążki
380 _aPublikacje naukowe
388 _a2001-
504 _aBibliogr. s. 96-[104].
648 7 _a2001-
_2DBN
650 7 _aOdżywianie
_2DBN
650 7 _aStudenci
_2DBN
650 7 _aSocjologia
651 7 _aPolska
658 _aSocjologia i społeczeństwo
700 1 _aPilska, Magdalena
_eAutor
710 2 _aWydawnictwo SGGW
_4pbl
856 _uhttp://koha.tu.koszalin.pl/cgi-bin/koha/opac-detail.pl?biblionumber=54441
_yKatalog online BPK
942 _2UKD
_cKS
999 _c54441
_d54441